000 00421nam a2200145Ia 4500
008 100415s9999 xx 000 0 und d
082 _b6656
_a799
100 _aHarrison Jeffery
245 _aA Wealth of Waterfowl : A Survival Book
260 _aLONDON
_c1967
_bANDRE DEUTSCH
365 _b0
630 _aA Wealth of Waterfowl : A Survival Book
730 _aA Wealth of Waterfowl : A Survival Book
942 _cBOOK
999 _c589622
_d589619